<?xml version="1.0" encoding="UTF-8"?>
<record
    xmlns:xsi="http://www.w3.org/2001/XMLSchema-instance"
    xsi:schemaLocation="http://www.loc.gov/MARC21/slim http://www.loc.gov/standards/marcxml/schema/MARC21slim.xsd"
    xmlns="http://www.loc.gov/MARC21/slim">

  <leader>00343    a2200145   4500</leader>
  <controlfield tag="005">20251227143405.0</controlfield>
  <datafield tag="020" ind1=" " ind2=" ">
    <subfield code="a">978-8126519453</subfield>
  </datafield>
  <datafield tag="040" ind1=" " ind2=" ">
    <subfield code="b">Eng</subfield>
  </datafield>
  <datafield tag="082" ind1=" " ind2=" ">
    <subfield code="a">621.314 UMA</subfield>
  </datafield>
  <datafield tag="100" ind1=" " ind2=" ">
    <subfield code="a">Umanand L</subfield>
    <subfield code="9">3908</subfield>
  </datafield>
  <datafield tag="245" ind1=" " ind2=" ">
    <subfield code="a">Power Electronics: Essentials &amp; Applications</subfield>
  </datafield>
  <datafield tag="260" ind1=" " ind2=" ">
    <subfield code="a">New Delhi:</subfield>
    <subfield code="b">Wiley,</subfield>
    <subfield code="c">2009.</subfield>
  </datafield>
  <datafield tag="300" ind1=" " ind2=" ">
    <subfield code="a">xxii, 922p;</subfield>
  </datafield>
  <datafield tag="942" ind1=" " ind2=" ">
    <subfield code="c">BK</subfield>
  </datafield>
  <datafield tag="999" ind1=" " ind2=" ">
    <subfield code="c">5553</subfield>
    <subfield code="d">5548</subfield>
  </datafield>
  <datafield tag="952" ind1=" " ind2=" ">
    <subfield code="0">0</subfield>
    <subfield code="1">0</subfield>
    <subfield code="2">udc</subfield>
    <subfield code="4">0</subfield>
    <subfield code="7">0</subfield>
    <subfield code="C">22/12/2025</subfield>
    <subfield code="D">Atlantic Publisher</subfield>
    <subfield code="E">PO.No.IIITDM/2025-26/LIB/BKS/32</subfield>
    <subfield code="F">14/11/2025</subfield>
    <subfield code="G">1203170</subfield>
    <subfield code="H">08/12/2025</subfield>
    <subfield code="J">1050</subfield>
    <subfield code="a">IIITDM</subfield>
    <subfield code="b">IIITDM</subfield>
    <subfield code="c">GEN</subfield>
    <subfield code="d">2025-12-22</subfield>
    <subfield code="l">0</subfield>
    <subfield code="o">621.314 UMA</subfield>
    <subfield code="p">0008104</subfield>
    <subfield code="r">2025-12-27 14:36:53</subfield>
    <subfield code="t">5</subfield>
    <subfield code="w">2025-12-27</subfield>
    <subfield code="y">BK</subfield>
    <subfield code="z">ECE</subfield>
  </datafield>
  <datafield tag="952" ind1=" " ind2=" ">
    <subfield code="0">0</subfield>
    <subfield code="1">0</subfield>
    <subfield code="2">udc</subfield>
    <subfield code="4">0</subfield>
    <subfield code="7">0</subfield>
    <subfield code="C">22/12/2025</subfield>
    <subfield code="D">Atlantic Publisher</subfield>
    <subfield code="E">PO.No.IIITDM/2025-26/LIB/BKS/32</subfield>
    <subfield code="F">14/11/2025</subfield>
    <subfield code="G">1203170</subfield>
    <subfield code="H">08/12/2025</subfield>
    <subfield code="J">1050</subfield>
    <subfield code="a">IIITDM</subfield>
    <subfield code="b">IIITDM</subfield>
    <subfield code="c">GEN</subfield>
    <subfield code="d">2025-12-22</subfield>
    <subfield code="l">0</subfield>
    <subfield code="o">621.314 UMA</subfield>
    <subfield code="p">0008105</subfield>
    <subfield code="r">2025-12-27 14:36:53</subfield>
    <subfield code="t">6</subfield>
    <subfield code="w">2025-12-27</subfield>
    <subfield code="y">BK</subfield>
    <subfield code="z">ECE</subfield>
  </datafield>
  <datafield tag="952" ind1=" " ind2=" ">
    <subfield code="0">0</subfield>
    <subfield code="1">0</subfield>
    <subfield code="2">udc</subfield>
    <subfield code="4">0</subfield>
    <subfield code="7">0</subfield>
    <subfield code="C">22/12/2025</subfield>
    <subfield code="D">Atlantic Publisher</subfield>
    <subfield code="E">PO.No.IIITDM/2025-26/LIB/BKS/32</subfield>
    <subfield code="F">14/11/2025</subfield>
    <subfield code="G">1203170</subfield>
    <subfield code="H">08/12/2025</subfield>
    <subfield code="J">1050</subfield>
    <subfield code="a">IIITDM</subfield>
    <subfield code="b">IIITDM</subfield>
    <subfield code="c">GEN</subfield>
    <subfield code="d">2025-12-22</subfield>
    <subfield code="l">0</subfield>
    <subfield code="o">621.314 UMA</subfield>
    <subfield code="p">0008106</subfield>
    <subfield code="r">2025-12-27 14:36:53</subfield>
    <subfield code="t">7</subfield>
    <subfield code="w">2025-12-27</subfield>
    <subfield code="y">BK</subfield>
    <subfield code="z">ECE</subfield>
  </datafield>
  <datafield tag="952" ind1=" " ind2=" ">
    <subfield code="0">0</subfield>
    <subfield code="1">0</subfield>
    <subfield code="2">udc</subfield>
    <subfield code="4">0</subfield>
    <subfield code="7">0</subfield>
    <subfield code="C">22/12/2025</subfield>
    <subfield code="D">Atlantic Publisher</subfield>
    <subfield code="E">PO.No.IIITDM/2025-26/LIB/BKS/32</subfield>
    <subfield code="F">14/11/2025</subfield>
    <subfield code="G">1203170</subfield>
    <subfield code="H">08/12/2025</subfield>
    <subfield code="J">1050</subfield>
    <subfield code="a">IIITDM</subfield>
    <subfield code="b">IIITDM</subfield>
    <subfield code="c">GEN</subfield>
    <subfield code="d">2025-12-22</subfield>
    <subfield code="l">0</subfield>
    <subfield code="o">621.314 UMA</subfield>
    <subfield code="p">0008107</subfield>
    <subfield code="r">2025-12-27 14:36:53</subfield>
    <subfield code="t">8</subfield>
    <subfield code="w">2025-12-27</subfield>
    <subfield code="y">BK</subfield>
    <subfield code="z">ECE</subfield>
  </datafield>
  <datafield tag="952" ind1=" " ind2=" ">
    <subfield code="0">0</subfield>
    <subfield code="1">0</subfield>
    <subfield code="2">udc</subfield>
    <subfield code="4">0</subfield>
    <subfield code="7">0</subfield>
    <subfield code="8">REF</subfield>
    <subfield code="C">22/12/2025</subfield>
    <subfield code="D">Atlantic Publisher</subfield>
    <subfield code="E">PO.No.IIITDM/2025-26/LIB/BKS/32</subfield>
    <subfield code="F">14/11/2025</subfield>
    <subfield code="G">1203170</subfield>
    <subfield code="H">08/12/2025</subfield>
    <subfield code="J">1050</subfield>
    <subfield code="a">IIITDM</subfield>
    <subfield code="b">IIITDM</subfield>
    <subfield code="c">REF</subfield>
    <subfield code="d">2025-12-22</subfield>
    <subfield code="l">0</subfield>
    <subfield code="o">621.314 UMA</subfield>
    <subfield code="p">0008108</subfield>
    <subfield code="r">2025-12-27 14:36:00</subfield>
    <subfield code="w">2025-12-27</subfield>
    <subfield code="y">REF</subfield>
    <subfield code="z">ECE</subfield>
  </datafield>
</record>
